000 00842nam a2200289Ia 4500
003 OSt
005 20220926020901.0
006 a|||||r|||| 00| 0
007 ta
008 220923b |||||||| |||| 00| 0 eng d
020 _a0387982280
037 _cGeneral Book
040 _aRTL
_cRTL
_beng
041 _2eng
_aeng
082 _aB281, N7
100 _aTeicher Henry
_9325315
245 0 _aProbability theory
_b Independence interchangeability
250 _aEd 3
260 _aNew York
_bSpringer Verlag
_c1977
300 _axxii, 488p Bibliography chapterwise
_ccm.
490 _aSpringer Texts in Statistics
650 _a Statistics
_935791
650 _aProbability
700 _a Chow Yuan Shih
_9325316
942 _hB281, N7
_cGB
_2CC
999 _c635172
_d635172